[Event "Reykjavik Chess Congress 2020"]
[Site "Reykjavik"]
[Date "2020.01.05"]
[Round "1.1"]
[White "Gardarsson, Halldor"]
[Black "Kjartansson, Gudmundur"]
[Result "0-1"]
[WhiteElo "1804"]
[BlackElo "2453"]
[Annotator "ChessBase"]
[PlyCount "78"]
[EventDate "2020.01.05"]
[EventType "swiss"]
[EventCountry "ISL"]
[SourceTitle "playchess.com"]
[Source "ChessBase"]
[SourceQuality "1"]
[TimeControl "40/5400+30:900+30"]

1. e4 {[%emt 0:00:00]} c6 {[%emt 0:00:04]} 2. c4 {[%emt 0:00:10]} d5 {[%emt 0:00:10]} 3. e5 {[%emt 0:01:04]} Bf5 {[%emt 0:10:44]} 4. d4 {[%emt 0:02:46]} e6 {[%emt 0:00:18]} 5. Nc3 {[%emt 0:01:31]} Ne7 {[%emt 0:02:34]} 6. Nf3 {[%emt 0:03:51]} h6 {[%emt 0:01:48]} 7. Bd3 {[%emt 0:01:05]} Bxd3 {[%emt 0:05:58]} 8. Qxd3 {[%emt 0:00:17]} dxc4 {[%emt 0:00:59]} 9. Qxc4 {[%emt 0:00:24]} Na6 {[%emt 0:01:21]} 10. a3 {[%emt 0:01:35]} Nc7 {[%emt 0:02:40]} 11. Be3 {[%emt 0:04:54]} Ned5 {[%emt 0:01:06]} 12. Nxd5 {[%emt 0:02:16]} Nxd5 {[%emt 0:02:42]} 13. O-O {[%emt 0:00:37]} Be7 {[%emt 0:00:08]} 14. Rac1 {[%emt 0:04:55]} O-O {[%emt 0:03:28]} 15. Rc2 {[%emt 0:02:11]} Qb6 {[%emt 0:02:40]} 16. Qd3 {[%emt 0:03:59]} Rfd8 {[%emt 0:00:30]} 17. Nd2 {[%emt 0:01:25]} Rd7 {[%emt 0:06:19]} 18. Qb3 {[%emt 0:01:44]} Rad8 {[%emt 0:03:44]} 19. Qxb6 {[%emt 0:06:04]} axb6 {[%emt 0:00:30]} 20. Ne4 {[%emt 0:00:14]} b5 {[%emt 0:02:02]} 21. Rfc1 {[%emt 0:05:25]} Ra8 {[%emt 0:05:10]} 22. Nc5 {[%emt 0:05:13]} Bxc5 {[%emt 0:02:35]} 23. Rxc5 {[%emt 0:00:52]} Ra4 {[%emt 0:01:17]} 24. Kf1 {[%emt 0:02:04]} Rd8 {[%emt 0:00:43]} 25. Rd1 {[%emt 0:03:19]} Nb6 {[%emt 0:04:19]} 26. Ke2 {[%emt 0:05:43]} b4 {[%emt 0:01:08]} 27. Rd3 {[%emt 0:04:08]} Rda8 {[%emt 0:00:27]} 28. Rb3 {[%emt 0:00:50]} bxa3 {[%emt 0:04:46]} 29. bxa3 {[%emt 0:03:03]} R8a6 {[%emt 0:00:11]} 30. Bc1 {[%emt 0:01:17]} Rxd4 {[%emt 0:02:26]} 31. Be3 {[%emt 0:01:02]} Rd7 {[%emt 0:00:59]} 32. Rxc6 {[%emt 0:03:57]} bxc6 {[%emt 0:00:12]} 33. Rxb6 {[%emt 0:00:17]} Rxa3 {[%emt 0:01:47]} 34. Rxc6 {[%emt 0:00:18]} Rd5 {[%emt 0:00:20]} 35. f4 {[%emt 0:03:22]} g5 {[%emt 0:07:22]} 36. Rc4 {[%emt 0:02:52]} g4 {[%emt 0:00:33]} 37. Bf2 {[%emt 0:01:10]} Ra2+ {[%emt 0:00:48]} 38. Ke3 {[%emt 0:00:40]} Rdd2 {[%emt 0:00:40]} 39. Bh4 {[%emt 0:01:03]} Re2+ {[%emt 0:01:05]} 0-1

[Event "Reykjavik Chess Congress 2020"]
[Site "Reykjavik"]
[Date "2020.01.05"]
[Round "1.2"]
[White "Kjartansson, David"]
[Black "Eliasson, Kristjan Orn"]
[Result "1-0"]
[WhiteElo "2356"]
[BlackElo "1772"]
[Annotator "TA"]
[PlyCount "125"]
[EventDate "2020.01.05"]
[EventType "swiss"]
[EventCountry "ISL"]
[SourceTitle "playchess.com"]
[Source "ChessBase"]
[SourceQuality "1"]

{[%evp 18,125,34,34,67,55,66,50,71,35,124,115,124,117,116,114,129,126,118,114,112,115,110,100,124,118,122,122,141,137,142,130,129,101,101,108,108,113,116,108,145,118,123,119,129,129,128,128,213,145,246,241,217,153,152,138,175,156,156,155,155,137,147,131,198,198,187,144,214,216,277,277,277,275,276,275,267,267,485,468,447,464,441,434,377,152,1014,603,549,508,1713,1557,1137,960,1931,1762,5728,5038,5660,5572,12796,6617,4614,1491,5804,5085,29976,29976,29984,29985]} 1. d4 Nf6 2. c4 c6 3. Nc3 d5 4. Nf3 e6 5. Bg5 Be7 6. e3 O-O 7. Bd3 Nbd7 8. O-O h6 9. Bh4 Re8 10. Qc2 Qc7 {D60: Queen's Gambit Declined: Classical: Unusual White 7th moves} (10... dxc4 11. Bxc4 b5 12. Bd3 Bb7 13. Ne4 Rc8 14. Bxf6 Nxf6 15. Nc5 Bxc5 16. dxc5 Qc7 17. b4 Rcd8 18. Rfd1 {½-½ (62) Bezak,R (1628)-Geschwandtner,J (1762) Slovakia 2019}) 11. Rac1 a6 12. Rfe1 $146 ({Predecessor:} 12. Bg3 Bd6 13. b4 dxc4 14. Bxc4 Nb6 15. Nd2 e5 16. Nce4 {1-0 (30) Schmitz,M-Antusch,I Bad Neustadt 1990}) 12... Qd8 {White is slightly better.} 13. Bg3 (13. c5 {seems wilder.} e5 14. Nxe5 Nxe5 15. dxe5 Nd7 16. Bxe7 Qxe7 17. f4) 13... Nh5 ({Better is} 13... dxc4 $14 14. Bxc4 b5) 14. cxd5 $16 exd5 15. Nxd5 Nxg3 16. Nxe7+ Qxe7 17. hxg3 Nf6 18. Qc5 Be6 19. Qxe7 Rxe7 20. a4 a5 21. Nd2 Nd5 22. Bc4 Nb4 23. Bxe6 Rxe6 24. Rc3 Rd8 25. Kf1 c5 26. Nf3 ({Much worse is} 26. Rxc5 Nd3 $11) 26... cxd4 27. Nxd4 Rb6 28. b3 Rf6 29. Ke2 b6 30. Rc4 Rfd6 31. Rec1 Na2 32. Rh1 Re8 (32... Nb4 $16 {was necessary.} 33. Rh5 R6d7) 33. Rh5 Nc3+ (33... Red8 $16 34. Re5 Kf8) 34. Rxc3 $18 Rxd4 {[%mdl 4096] Endgame KRR-KRR} 35. Rb5 Rd6 36. Rd3 Red8 37. Rxd6 Rxd6 {KR-KR} 38. e4 Kf8 39. Ke3 Ke7 40. g4 Ke6 (40... f6 $16 {might work better.} 41. b4 axb4 42. Rxb4 Rc6) 41. f4 Rc6 42. Kd4 Kd6 (42... f6 $16 {is a better defense.} 43. g5 fxg5) 43. g5 hxg5 44. Rxg5 g6 45. Rb5 Kc7 46. g4 Kd7 47. g5 Kc7 $2 (47... f6 48. gxf6 Rxf6) 48. b4 axb4 49. Rxb4 {[#] Strongly threatening Rc4.} Rd6+ 50. Ke3 Rd1 51. f5 (51. Rc4+ $18 Kb8 52. Rc6) 51... Rd6 $2 (51... Rf1 $16) 52. Kf4 Kd7 53. Ke5 {[#] Black must now prevent Rd4.} gxf5 (53... Rc6 $142 54. Rd4+ Kc7) 54. exf5 Rc6 55. Re4 Kd8 56. Kf4 Rc1 57. g6 f6 58. Re3 Rc4+ 59. Kf3 {White wants to mate with g7.} Kd7 60. Re4 (60. Re6 $142 Rc5 61. Rxf6) 60... Rc8 61. Re6 Rc4 62. Rxf6 Rxa4 63. g7 {Accuracy: White = 72%, Black = 37%.} 1-0

[Event "Reykjavik Chess Congress 2020"]
[Site "Reykjavik"]
[Date "2020.01.05"]
[Round "1.3"]
[White "Geirsson, Kristjan"]
[Black "Bjornsson, Sigurbjorn"]
[Result "0-1"]
[WhiteElo "1709"]
[BlackElo "2331"]
[Annotator "ChessBase"]
[PlyCount "36"]
[EventDate "2020.01.05"]
[EventType "swiss"]
[EventCountry "ISL"]
[SourceTitle "playchess.com"]
[Source "ChessBase"]
[SourceQuality "1"]
[TimeControl "40/5400+30:900+30"]

1. e4 {[%emt 0:00:00]} c5 {[%emt 0:00:00]} 2. Nf3 {[%emt 0:00:30]} d6 {[%emt 0:00:30]} 3. d4 {[%emt 0:00:30]} cxd4 {[%emt 0:00:30]} 4. Nxd4 {[%emt 0:00:30]} Nf6 {[%emt 0:00:30]} 5. Nc3 {[%emt 0:00:30]} g6 {[%emt 0:01:36]} 6. Bc4 {[%emt 0:00:00]} Bg7 {[%emt 0:00:00]} 7. Be3 {[%emt 0:00:00]} Nc6 {[%emt 0:00:00]} 8. f3 {[%emt 0:01:32]} O-O {[%emt 0:00:00]} 9. a3 {[%emt 0:05:06]} Bd7 {[%emt 0:00:00]} 10. Qd2 {[%emt 0:00:52]} Rc8 {[%emt 0:00:00]} 11. Ba2 {[%emt 0:00:45]} Ne5 {[%emt 0:01:46]} 12. O-O {[%emt 0:06:44]} Nc4 {[%emt 0:01:47]} 13. Bxc4 {[%emt 0:00:15]} Rxc4 {[%emt 0:00:02]} 14. Rad1 {[%emt 0:02:31]} a6 {[%emt 0:02:41]} 15. Bh6 {[%emt 0:03:58]} Rxd4 {[%emt 0:04:08]} 16. Qxd4 {[%emt 0:12:43]} Bxh6 {[%emt 0:00:25]} 17. e5 {[%emt 0:00:41]} dxe5 {[%emt 0:01:39]} 18. Qxe5 {[%emt 0:00:14]} Qb6+ {[%emt 0:01:24]} 0-1

[Event "Reykjavik Chess Congress 2020"]
[Site "Reykjavik"]
[Date "2020.01.05"]
[Round "1.4"]
[White "Stefansson, Vignir Vatnar"]
[Black "Einarsson, Oskar Long"]
[Result "1-0"]
[WhiteElo "2323"]
[BlackElo "1687"]
[Annotator "TA"]
[PlyCount "53"]
[EventDate "2020.01.05"]
[EventType "swiss"]
[EventCountry "ISL"]
[SourceTitle "playchess.com"]
[Source "ChessBase"]
[SourceQuality "1"]

{[%evp 11,57,23,83,59,137,152,143,134,137,137,181,165,180,185,168,114,161,170,212,192,240,233,472,422,343,352,352,343,517,499,640,635,646,639,629,611,622,593,1522,1484,1341,646,853,854,846,833,826,818]} 1. d4 Nf6 2. Nc3 g6 3. e4 d6 4. f4 Bg7 5. Nf3 c5 6. e5 dxe5 (6... Nfd7 $11 {remains equal.}) 7. Bb5+ {B09: Pirc Defence: Austrian Attack} ({Much weaker is} 7. fxe5 Nfd7 $11) ({Inferior is} 7. Nxe5 cxd4 8. Bb5+ Nfd7 $17) (7. dxc5 Qxd1+ 8. Nxd1 e4 $17) (7. dxe5 Qxd1+ 8. Kxd1 Ng4 9. Ke1 Nc6 10. h3 Nh6 11. g4 O-O 12. Be3 b6 13. Bd3 Bb7 14. Be4 Rad8 15. Kf2 {1-0 (43) De Vita,G (2011)-Kopischke,M (1815) Arco 2019}) 7... Bd7 (7... Nc6 $14 8. dxe5 (8. fxe5 Nd7 $11) 8... Qxd1+ 9. Kxd1 Nh5) 8. dxe5 $16 Ng4 9. h3 {White is clearly better.} Nh6 10. g4 Qb6 $146 ({Predecessor:} 10... e6 11. Bxd7+ Nxd7 12. Be3 a6 13. Qd2 Qc7 14. Ne4 Bf8 {1-0 (30) Moussaoui,F-Jorda,F Paris 1999}) 11. Nd5 Qa5+ 12. Bd2 Qd8 13. Bxd7+ (13. Qe2 $18) 13... Nxd7 14. c4 e6 15. Nf6+ Nxf6 16. exf6 Bf8 $2 {[#]} (16... Bxf6 17. g5 {[%mdl 64] Double Attack} Bxb2) 17. Qa4+ Qd7 18. Qxd7+ Kxd7 19. O-O-O Kc7 {[#]} (19... Ke8 $142 20. Bc3 Rd8 21. Rxd8+ Kxd8 22. Rd1+ Kc7) 20. f5 $1 $18 {[%mdl 512] White is clearly winning.} gxf5 (20... exf5 21. g5) 21. Bf4+ Kb6 22. g5 Ng8 23. Ne5 h6 {If only Black now had time for ...hxg5....} 24. h4 Rh7 25. Nd7+ Kc6 26. Nb8+ (26. Nxf8 $142 Rxf8 27. Rd6+ Kc7 28. Rhd1 hxg5 29. Rd7+ Kc8 30. hxg5) 26... Kb6 27. Rh3 {Played: Rd1-d8} 1-0

[Event "Reykjavik Chess Congress 2020"]
[Site "Reykjavik"]
[Date "2020.01.05"]
[Round "1.5"]
[White "Helgason, Jon Thor"]
[Black "Briem, Stephan"]
[Result "1/2-1/2"]
[WhiteElo "1672"]
[BlackElo "2197"]
[Annotator "ChessBase"]
[PlyCount "82"]
[EventDate "2020.01.05"]
[EventType "swiss"]
[EventCountry "ISL"]
[SourceTitle "playchess.com"]
[Source "ChessBase"]
[SourceQuality "1"]
[TimeControl "40/5400+30:900+30"]

1. e4 {[%emt 0:00:00]} d5 {[%emt 0:00:06]} 2. exd5 {[%emt 0:02:12]} Qxd5 {[%emt 0:00:30]} 3. d4 {[%emt 0:00:30]} Nf6 {[%emt 0:04:13]} 4. c4 {[%emt 0:00:50]} Qd8 {[%emt 0:01:43]} 5. Be2 {[%emt 0:01:47]} Bf5 {[%emt 0:00:30]} 6. Nf3 {[%emt 0:02:07]} e6 {[%emt 0:01:04]} 7. Qb3 {[%emt 0:03:00]} Qc8 {[%emt 0:04:28]} 8. Nc3 {[%emt 0:00:30]} c6 {[%emt 0:02:14]} 9. Nh4 {[%emt 0:05:55]} Bg6 {[%emt 0:06:31]} 10. d5 {[%emt 0:03:20]} exd5 {[%emt 0:09:56]} 11. cxd5 {[%emt 0:00:59]} Bd6 {[%emt 0:06:56]} 12. Bg5 {[%emt 0:03:45]} Nbd7 {[%emt 0:04:08]} 13. dxc6 {[%emt 0:08:02]} bxc6 {[%emt 0:01:48]} 14. Nxg6 {[%emt 0:05:19]} hxg6 {[%emt 0:00:31]} 15. h3 {[%emt 0:02:11]} O-O {[%emt 0:03:38]} 16. O-O {[%emt 0:00:30]} Rb8 {[%emt 0:03:08]} 17. Qc2 {[%emt 0:00:38]} Nc5 {[%emt 0:04:38]} 18. Be3 {[%emt 0:10:15]} Qc7 {[%emt 0:02:52]} 19. Bc4 {[%emt 0:02:10]} Nfd7 {[%emt 0:06:12]} 20. Ne2 {[%emt 0:04:22]} Ne5 {[%emt 0:11:04]} 21. b3 {[%emt 0:02:18]} Nxc4 {[%emt 0:01:48]} 22. Qxc4 {[%emt 0:02:42]} Ne6 {[%emt 0:01:33]} 23. Nd4 {[%emt 0:01:12]} Nxd4 {[%emt 0:03:17]} 24. Bxd4 {[%emt 0:00:49]} Rb4 {[%emt 0:05:06]} 25. Qc3 {[%emt 0:00:30]} Rxd4 {[%emt 0:01:47]} 26. Qxd4 {[%emt 0:00:30]} Bh2+ {[%emt 0:00:30]} 27. Kh1 {[%emt 0:00:30]} Be5 {[%emt 0:00:30]} 28. Qe3 {[%emt 0:01:48]} Bxa1 {[%emt 0:00:59]} 29. Rxa1 {[%emt 0:00:30]} Qa5 {[%emt 0:03:26]} 30. Qe1 {[%emt 0:00:54]} Qa6 {[%emt 0:02:16]} 31. Qe7 {[%emt 0:02:53]} Qb6 {[%emt 0:04:13]} 32. Qe3 {[%emt 0:00:30]} Rd8 {[%emt 0:00:51]} 33. Rc1 {[%emt 0:02:55]} Qxe3 {[%emt 0:02:42]} 34. fxe3 {[%emt 0:00:30]} Rd6 {[%emt 0:01:02]} 35. Rc2 {[%emt 0:01:12]} Kf8 {[%emt 0:00:30]} 36. Kg1 {[%emt 0:00:30]} Ke7 {[%emt 0:00:30]} 37. Kf2 {[%emt 0:00:30]} Kd7 {[%emt 0:00:30]} 38. Ke2 {[%emt 0:00:30]} Kc7 {[%emt 0:00:40]} 39. Rc4 {[%emt 0:00:30]} Kb6 {[%emt 0:00:30]} 40. Rd4 {[%emt 0:01:23]} Rxd4 {[%emt 0:00:37]} 41. exd4 {[%emt 0:15:30]} Kb5 {[%emt 0:15:30]} 1/2-1/2

[Event "Reykjavik Chess Congress 2020"]
[Site "Reykjavik"]
[Date "2020.01.05"]
[Round "1.6"]
[White "Olafsson, Thorvardur"]
[Black "Ulfljotsson, Jon"]
[Result "1-0"]
[WhiteElo "2188"]
[BlackElo "1672"]
[Annotator "ChessBase"]
[PlyCount "69"]
[EventDate "2020.01.05"]
[EventType "swiss"]
[EventCountry "ISL"]
[SourceTitle "playchess.com"]
[Source "ChessBase"]
[SourceQuality "1"]
[TimeControl "40/5400+30:900+30"]

1. e4 {[%emt 0:00:00]} c5 {[%emt 0:00:00]} 2. Nf3 {[%emt 0:00:00]} d6 {[%emt 0:00:00]} 3. d4 {[%emt 0:00:00]} cxd4 {[%emt 0:00:12]} 4. Nxd4 {[%emt 0:00:08]} Nf6 {[%emt 0:00:20]} 5. f3 {[%emt 0:01:05]} e5 {[%emt 0:02:19]} 6. Nb3 {[%emt 0:00:08]} Be6 {[%emt 0:00:43]} 7. c4 {[%emt 0:01:08]} Nc6 {[%emt 0:02:46]} 8. Be3 {[%emt 0:01:22]} a5 {[%emt 0:01:24]} 9. Nc3 {[%emt 0:00:58]} Be7 {[%emt 0:05:22]} 10. Be2 {[%emt 0:01:04]} O-O {[%emt 0:02:05]} 11. O-O {[%emt 0:00:17]} a4 {[%emt 0:03:44]} 12. Nd2 {[%emt 0:00:32]} Qa5 {[%emt 0:03:32]} 13. Nd5 {[%emt 0:03:51]} Bxd5 {[%emt 0:02:41]} 14. cxd5 {[%emt 0:01:52]} Nd4 {[%emt 0:06:22]} 15. Nc4 {[%emt 0:06:11]} Nxe2+ {[%emt 0:04:21]} 16. Qxe2 {[%emt 0:00:10]} Qa6 {[%emt 0:03:02]} 17. Rfe1 {[%emt 0:06:24]} Nd7 {[%emt 0:08:15]} 18. Na3 {[%emt 0:04:50]} Qxe2 {[%emt 0:09:43]} 19. Rxe2 {[%emt 0:00:13]} Rfc8 {[%emt 0:00:06]} 20. Rc2 {[%emt 0:07:13]} Rxc2 {[%emt 0:05:25]} 21. Nxc2 {[%emt 0:00:04]} Rc8 {[%emt 0:00:24]} 22. Rc1 {[%emt 0:01:05]} Bd8 {[%emt 0:05:44]} 23. Na3 {[%emt 0:02:18]} Rxc1+ {[%emt 0:01:15]} 24. Bxc1 {[%emt 0:00:08]} Bb6+ {[%emt 0:00:13]} 25. Kf1 {[%emt 0:00:16]} Bc5 {[%emt 0:01:43]} 26. Nb5 {[%emt 0:00:52]} Kf8 {[%emt 0:02:34]} 27. Ke2 {[%emt 0:00:43]} Ke7 {[%emt 0:01:30]} 28. Bd2 {[%emt 0:07:19]} Nb8 {[%emt 0:03:56]} 29. Nc3 {[%emt 0:06:04]} a3 {[%emt 0:06:06]} 30. b3 {[%emt 0:05:15]} Na6 {[%emt 0:02:01]} 31. Nb5 {[%emt 0:01:02]} b6 {[%emt 0:04:14]} 32. h3 {[%emt 0:03:13]} Kd7 {[%emt 0:01:44]} 33. Kd3 {[%emt 0:01:23]} g6 {[%emt 0:08:21]} 34. Kc4 {[%emt 0:00:42]} f5 {[%emt 0:00:57]} 35. b4 {[%emt 0:00:46]} 1-0

[Event "Reykjavik Chess Congress 2020"]
[Site "Reykjavik"]
[Date "2020.01.08"]
[Round "2.1"]
[White "Kjartansson, Gudmundur"]
[Black "Bjornsson, Eirikur K."]
[Result "1-0"]
[WhiteElo "2453"]
[BlackElo "1954"]
[Annotator "TA"]
[PlyCount "43"]
[EventDate "2020.01.05"]
[EventType "swiss"]
[EventCountry "ISL"]
[SourceTitle "playchess.com"]
[Source "ChessBase"]
[SourceQuality "1"]

{[%evp 18,43,63,33,89,95,97,91,103,77,87,72,71,47,73,74,95,38,39,39,36,27,21,31,44,16,93,84]} 1. c4 Nf6 2. Nc3 g6 3. e4 d6 4. d4 Bg7 5. Nf3 O-O 6. Be2 Nbd7 7. O-O e5 8. Qc2 c6 9. Rd1 Qe7 10. Be3 Re8 {[#] E94: King's Indian: Classical: 6 Be2 e5 7 0-0: Various Black 7th moves} ({Black should try} 10... exd4 $14 11. Nxd4 Nc5) (10... Ng4 11. Bg5 f6 12. Bh4 Nh6 13. c5 dxc5 14. dxe5 Nxe5 15. Nxe5 Qxe5 16. Bg3 Qe8 17. Bd6 Rf7 18. Bxc5 {½-½ (36) Tarlev,K (2598)-Amonatov,F (2602) Urmia 2016}) 11. d5 $1 $16 c5 12. Ne1 Rf8 $146 ({Predecessor:} 12... Kh8 13. Nb5 Rf8 14. Rab1 Ne8 15. b4 b6 16. Qa4 a6 17. Nc3 f5 18. Qc6 {½-½ (31) Ivana Maria,F (1859)-Dordzhieva,D (1973) Kemer 2009}) 13. Rab1 Ne8 14. Bd3 Ndf6 15. b4 b6 16. bxc5 bxc5 17. Be2 (17. Bg5 $16) 17... Ng4 $14 18. Bxg4 Bxg4 19. f3 Bc8 20. Qa4 {Strongly threatening Qc6.} Bd7 21. Qa6 Nc7 (21... f5 $11 {keeps the balance.}) 22. Qa5 {Accuracy: White = 45%, Black = 48%.} 1-0

[Event "Reykjavik Chess Congress 2020"]
[Site "Reykjavik"]
[Date "2020.01.08"]
[Round "2.2"]
[White "Mai, Alexander Oliver"]
[Black "Kjartansson, David"]
[Result "1/2-1/2"]
[WhiteElo "1958"]
[BlackElo "2356"]
[Annotator "TA"]
[PlyCount "44"]
[EventDate "2020.01.05"]
[EventType "swiss"]
[EventCountry "ISL"]
[SourceTitle "playchess.com"]
[Source "ChessBase"]
[SourceQuality "1"]

{[%evp 19,44,11,18,0,23,16,25,23,14,11,21,0,11,0,19,21,13,0,0,0,-6,-10,0,0,0,0,1895]} 1. Nf3 c5 2. g3 Nc6 3. Bg2 g6 4. O-O Bg7 5. c4 e6 6. Nc3 Nge7 7. e3 O-O 8. d4 cxd4 9. Nxd4 d5 10. cxd5 exd5 11. Nde2 {A36: Symmetrical English vs ...g6: 4 Bg2 Bg7} (11. h3 Rb8 12. Nce2 Nf5 13. Nxf5 Bxf5 14. Nf4 d4 15. e4 Bd7 16. Bd2 Qb6 17. Qb3 Qxb3 18. axb3 a6 {1-0 (37) Vastrukhin,O (2428)-Afanasiev,N (2517) Moscow 2019}) 11... Bg4 12. h3 Bxe2 13. Nxe2 {White has an edge.} Qb6 14. Rb1 {The position is equal.} Rfd8 15. b3 $146 ({Predecessor:} 15. b4 d4 16. exd4 Nxd4 17. Nxd4 Bxd4 18. Qf3 Rd7 {0-1 (30) Polokhin,P-Odesskij,I Podolsk 1993}) 15... Rd7 16. Bb2 Rad8 17. Bxg7 Kxg7 18. Qc2 d4 19. Nxd4 Nxd4 20. exd4 Rxd4 21. Rbd1 Nf5 22. Rxd4 g5 $2 {[%mdl 40960] Accuracy: White = 50%, Black = 30%. . An unexpected result.} (22... Nxd4 $11 23. Qe4 Rd7) 1/2-1/2

[Event "Reykjavik Chess Congress 2020"]
[Site "Reykjavik"]
[Date "2020.01.08"]
[Round "2.3"]
[White "Bjornsson, Sigurbjorn"]
[Black "Baldursson, Haraldur"]
[Result "1-0"]
[WhiteElo "2331"]
[BlackElo "1902"]
[Annotator "TA"]
[PlyCount "45"]
[EventDate "2020.01.05"]
[EventType "swiss"]
[EventCountry "ISL"]
[SourceTitle "playchess.com"]
[Source "ChessBase"]
[SourceQuality "1"]

{[%evp 21,55,74,79,60,150,44,114,78,90,74,66,43,51,0,11,7,50,61,52,44,264,175,181,174,402,239,29991,29992,29992,29993,29993,29994,29994,29995,29995,29996]} 1. e4 c5 2. Nf3 d6 3. d4 cxd4 4. Nxd4 Nf6 5. Nc3 a6 6. Be3 e6 7. f3 Be7 8. Qd2 Qc7 9. g4 Nc6 10. g5 Nd7 11. O-O-O b5 12. Kb1 {B80: Sicilian Scheveningen: 6 g3 and 6 Be3, including English Attack} (12. h4 Bb7 13. h5 Rc8 14. Nxc6 Qxc6 15. a3 Ne5 16. f4 Nc4 17. Bxc4 Qxc4 18. Bd4 O-O 19. g6 h6 20. Rhg1 f5 21. exf5 Rxf5 {½-½ (45) Shirov,A (2708)-Ehlvest,J (2605) Tallinn 2013}) 12... Nde5 $146 (12... Bb7 $14) ({Predecessor:} 12... b4 13. Nce2 Nde5 14. Ng3 Nxd4 15. Qxd4 O-O 16. Be2 Nc6 17. Qd2 Rd8 18. c4 a5 19. f4 Bf8 {0-1 (34) Acs,P (2591)-Blaskowski,J (2310) Germany 2003}) 13. Qg2 (13. f4 $16) 13... Nc4 ({Black should try} 13... Nxd4 $14 14. Rxd4 Bb7) 14. Bxc4 {White is better.} bxc4 15. Ka1 Rb8 16. Rb1 Na7 17. Qd2 Nb5 18. Nde2 Bd7 19. h4 O-O 20. h5 g6 $2 {[#]} (20... Bc6 $14) 21. Nxb5 axb5 22. Nc3 {Threatens to win with Nd5.} b4 $2 (22... Bd8) 23. hxg6 {Played: Qd2-h2} 1-0

[Event "Reykjavik Chess Congress 2020"]
[Site "Reykjavik"]
[Date "2020.01.08"]
[Round "2.4"]
[White "Ragnarsson, Johann"]
[Black "Stefansson, Vignir Vatnar"]
[Result "0-1"]
[WhiteElo "1946"]
[BlackElo "2323"]
[Annotator "TA"]
[PlyCount "50"]
[EventDate "2020.01.05"]
[EventType "swiss"]
[EventCountry "ISL"]
[SourceTitle "playchess.com"]
[Source "ChessBase"]
[SourceQuality "1"]

{[%evp 9,50,-10,-2,-2,1,-1,-5,-6,55,16,20,-81,-66,-110,-89,-114,-66,-72,-12,-93,-85,-200,-200,-438,-434,-437,-437,-437,-437,-430,-422,-446,-439,-495,-472,-837,-800,-975,-958,-1344,-1333,-5319,-5256]} 1. d4 e6 2. c4 Bb4+ 3. Bd2 a5 4. e4 d6 (4... d5 5. a3 Bxd2+ 6. Nxd2 dxe4 7. Nxe4 Nf6 8. Nc3 O-O 9. Be2 Na6 10. Nf3 c5 11. O-O Qb6 12. Na4 Qc7 13. Nxc5 Nxc5 14. dxc5 Qxc5 15. Qd4 Qxd4 16. Nxd4 a4 17. f4 Bd7 18. Bf3 Rac8 19. Rac1 Rc7 {½-½ (19) Goryachkina,A (2504)-Edouard,R (2658) Skopje 2019}) 5. Bd3 Nc6 6. Ne2 {A40: Unusual replies to 1 d4} Qf6 $146 ({Predecessor:} 6... Bxd2+ 7. Nxd2 e5 8. d5 Nb4 9. Bb1 Qg5 10. a3 Na6 11. O-O Nc5 12. f4 exf4 13. Nxf4 {0-1 (45) Profaizer,G-Rudolf,A (2100) Arco 2002}) 7. d5 Bc5 {[%csl Gc5][%cal Rf6f2]} (7... Qxb2 $6 8. Nbc3 $16) 8. O-O {The position is equal.} Nb4 (8... Ne5 $11 9. Bc3 Qg5) 9. Bc3 e5 10. Kh1 {[#]} (10. a3 $11 {remains equal.} Nxd3 11. Qxd3) 10... Nh6 $1 $17 {[%cal Rh6g4] Threatens to win with ...Ng4.} (10... Bxf2 11. Be1 $16) (10... Nxd3 $6 11. Qxd3 Qg6 12. f4 $11) 11. Ng1 Ng4 ({Reject} 11... Bxf2 $6 12. Bxb4 axb4 13. Qe2 $14) 12. Nh3 Nxd3 ({Don't play} 12... Bxf2 $6 13. Bxb4 (13. Nxf2 $2 Nxf2+ 14. Rxf2 Qxf2 $19) 13... axb4 14. Qe2 $11) 13. Qxd3 O-O (13... Qh4 $17) 14. Nd2 (14. Bd2 $11) 14... Qh6 ({Don't blunder} 14... Nxf2+ $2 15. Nxf2 Bd7 16. Nf3 $18) 15. Nb3 {[#]} (15. Qg3 $17) 15... Bxf2 $1 $40 {[%mdl 640] Black attacks with force.} 16. Rxf2 $2 {[#]} (16. Bd2 Qh5 17. Bxa5) 16... Qxh3 $1 {[%mdl 512] Black is clearly winning.} 17. Qxh3 Nxf2+ {[%mdl 64] Discovered Attack} 18. Kg1 Nxh3+ 19. gxh3 b6 20. Nd2 Bxh3 21. b3 f5 {Hoping for ...fxe4.} 22. a3 (22. Re1 $142) 22... fxe4 23. Nxe4 Rf3 24. Rc1 Raf8 {( -> ...Rf1+)} 25. Ng3 {[#]} h5 $1 {Accuracy: White =  5%, Black = 79%.} 0-1

[Event "Reykjavik Chess Congress 2020"]
[Site "Reykjavik"]
[Date "2020.01.08"]
[Round "2.5"]
[White "Heidarsson, Arnar"]
[Black "Olafsson, Thorvardur"]
[Result "1/2-1/2"]
[WhiteElo "1880"]
[BlackElo "2188"]
[Annotator "TA"]
[PlyCount "48"]
[EventDate "2020.01.05"]
[EventType "swiss"]
[EventCountry "ISL"]
[SourceTitle "playchess.com"]
[Source "ChessBase"]
[SourceQuality "1"]

{[%evp 20,48,29,23,31,18,26,0,31,-25,-30,-30,-33,-33,-35,-33,-38,-43,-43,-58,-17,-37,-21,-20,-8,-15,0,0,0,-14,-3]} 1. Nf3 Nf6 2. c4 g6 3. Nc3 c5 4. d4 cxd4 5. Nxd4 Bg7 6. e3 O-O 7. Be2 Nc6 8. O-O d6 9. b3 Bd7 10. Bb2 a6 11. Qd2 Re8 {A35: Symmetrical English: 2 Nc3 Nc6 3 Nf3} (11... Rb8 12. Rfd1 b5 13. Nxc6 Bxc6 14. cxb5 axb5 15. b4 Qb6 16. a3 Rfc8 17. Rac1 Nd7 18. Bg4 Qb7 19. Bxd7 Qxd7 {0-1 (66) Pogromsky,M (2428)-Alekseev,E (2653) Sochi 2015}) 12. Rfd1 Qa5 13. Nxc6 $146 ({Predecessor:} 13. Bf3 Rac8 14. Ne4 Nxe4 15. Bxe4 Qxd2 16. Rxd2 Nxd4 17. Bxd4 Bxd4 18. Rxd4 Rc7 19. Kf1 {½-½ (39) Cichy,M (2003)-Daeubler,H (2142) Hamburg 2018}) 13... bxc6 (13... Bxc6 {seems wilder.} 14. a4 h5 15. Rab1 Rad8 16. Qc2 e6) 14. Nd5 (14. Bf3 $14) 14... Qxd2 $11 15. Nxf6+ Bxf6 16. Rxd2 {[#] Bxf6 is the strong threat.} Bxb2 17. Rxb2 c5 18. b4 cxb4 19. Rxb4 Ra7 20. Rb6 a5 21. Rab1 {The position is equal.} Rc8 22. Rb8 Kg7 23. Rxc8 Bxc8 24. f3 Rc7 {Accuracy: White = 10%, Black = 44%.} 1/2-1/2